Yasodharā kī ṭīkā. (Record no. 75388)

MARC details
000 -LEADER
fixed length control field 00556cam a22002171 4500
001 - CONTROL NUMBER
control field sa 67005711
003 - CONTROL NUMBER IDENTIFIER
control field DLC
005 - DATE AND TIME OF LATEST TRANSACTION
control field 20260227112359.0
008 - FIXED-LENGTH DATA ELEMENTS--GENERAL INFORMATION
fixed length control field 891017s1967 ii 000 0 hino
010 ## - LIBRARY OF CONGRESS CONTROL NUMBER
LC control number sa 67005711
035 ## - SYSTEM CONTROL NUMBER
System control number (OCoLC)20501277
040 ## - CATALOGING SOURCE
Original cataloging agency DLC
Transcribing agency WaU
Modifying agency DLC
042 ## - AUTHENTICATION CODE
Authentication code premarc
050 00 - LIBRARY OF CONGRESS CALL NUMBER
Classification number PK2098.G8
Item number Y325
100 1# - MAIN ENTRY--PERSONAL NAME
Personal name Mishra, Radheyshyam,
Dates associated with a name 1938-
245 10 - TITLE STATEMENT
Title Yasodharā kī ṭīkā.
260 ## - PUBLICATION, DISTRIBUTION, ETC.
Date of publication, distribution, etc. [1967]
300 ## - PHYSICAL DESCRIPTION
Extent 348 p.
Dimensions 19 cm.
500 ## - GENERAL NOTE
General note In Hindi.
600 10 - SUBJECT ADDED ENTRY--PERSONAL NAME
Personal name Gupta, Maithili Sarana,
Dates associated with a name 1886-1964.
Title of a work Yaśodharā.

No items available.

Powered by Koha